[Event "FICGS rapid C 000089 email"]
[Site "FICGS email"]
[Date "2010.06.18"]
[Round "1"]
[White "Inving, Yugi"]
[Black "Nguyen, Hao Nhien"]
[Result "0-1"]
[WhiteElo "1505"]
[BlackElo "1575"]
[PlyCount "20"]
[EventDate "2010.??.??"]
[EventType "tourn (rapid)"]
[EventRounds "6"]
[SourceTitle "Corr 2013"]
[Source "ChessBase"]
[SourceDate "2012.11.12"]
[SourceVersion "1"]
[SourceVersionDate "2012.11.12"]
[SourceQuality "1"]

1. e4 e5 2. Nf3 Nc6 3. Bc4 Nd4 4. Nxd4 exd4 5. c3 dxc3 6. Nxc3 Bb4 7. Nd5 Ba5 8. Qf3 Nf6 9. e5 Nxd5 10. Qxd5 0-0 0-1

[Event "FICGS theme 0000 email"]
[Site "FICGS email"]
[Date "2009.04.29"]
[Round "1"]
[White "D Ettorre, Rodolfo"]
[Black "Inving, Yugi"]
[Result "1/2-1/2"]
[WhiteElo "1909"]
[BlackElo "1139"]
[PlyCount "46"]
[EventDate "2009.??.??"]
[EventType "swiss (corr)"]
[EventRounds "1"]
[SourceTitle "Corr 2022"]
[Source "ChessBase"]
[SourceDate "2021.10.24"]
[SourceVersion "1"]
[SourceVersionDate "2021.10.24"]
[SourceQuality "1"]

1. d4 d5 2. e4 dxe4 3. Nc3 Nf6 4. f3 exf3 5. Nxf3 e6 6. Bg5 Be7 7. Bd3 Nc6 8. Bb5 0-0 9. 0-0 h6 10. Bxf6 Bxf6 11. Bxc6 bxc6 12. Ne4 Ba6 13. Rf2 Rb8 14. Nxf6+ gxf6 15. Qd2 Kh7 16. c3 Qd6 17. Qc2+ f5 18. Qa4 Rb6 19. Ne5 f6 20. Nc4 Bxc4 21. Qxc4 Qd5 22. Qa4 a5 23. b3 Rd8 1/2-1/2

[Event "FICGS class G 000030 email"]
[Site "FICGS email"]
[Date "2009.04.18"]
[Round "1"]
[White "McNabb, Sean"]
[Black "Inving, Yugi"]
[Result "1-0"]
[WhiteElo "878"]
[BlackElo "1139"]
[PlyCount "51"]
[EventDate "2009.??.??"]
[EventType "tourn (corr)"]
[EventRounds "4"]
[SourceTitle "Corr 2022"]
[Source "ChessBase"]
[SourceDate "2021.10.24"]
[SourceVersion "1"]
[SourceVersionDate "2021.10.24"]
[SourceQuality "1"]

1. d4 f5 2. c4 Nf6 3. Nc3 g6 4. Nf3 Bg7 5. e3 0-0 6. Bd3 Nc6 7. 0-0 b6 8. Nd5 Ne4 9. b3 e6 10. Ba3 exd5 11. cxd5 Ne7 12. d6 Nxd6 13. Ne5 Bb7 14. Bc4+ Nxc4 15. bxc4 c5 16. dxc5 Bxe5 17. Rb1 Be4 18. Rb3 bxc5 19. Bxc5 d6 20. Bd4 Qc7 21. Bxe5 dxe5 22. Qc1 Rad8 23. Qc3 f4 24. exf4 exf4 25. Re1 Ba8 26. f3 1-0

[Event "FICGS class G 000030 email"]
[Site "FICGS email"]
[Date "2009.04.18"]
[Round "1"]
[White "Orden, Jorge"]
[Black "Inving, Yugi"]
[Result "0-1"]
[WhiteElo "999"]
[BlackElo "1139"]
[PlyCount "28"]
[EventDate "2009.??.??"]
[EventType "tourn (corr)"]
[EventRounds "4"]
[SourceTitle "Corr 2022"]
[Source "ChessBase"]
[SourceDate "2021.10.24"]
[SourceVersion "1"]
[SourceVersionDate "2021.10.24"]
[SourceQuality "1"]

1. e4 c5 2. Nf3 Nc6 3. d4 cxd4 4. Nxd4 e5 5. Nxc6 bxc6 6. Bc4 Nf6 7. Nc3 Bc5 8. 0-0 0-0 9. Re1 d5 10. exd5 Ng4 11. dxc6 Bxf2+ 12. Kh1 Qh4 13. h3 Bxe1 14. b4 Nf2+ 0-1

[Event "FICGS theme 0000 email"]
[Site "FICGS email"]
[Date "2009.04.14"]
[Round "1"]
[White "Inving, Yugi"]
[Black "Cirulis, Ilmars"]
[Result "1-0"]
[WhiteElo "1139"]
[BlackElo "1862"]
[PlyCount "25"]
[EventDate "2009.??.??"]
[EventType "swiss (corr)"]
[EventRounds "1"]
[SourceTitle "Corr 2022"]
[Source "ChessBase"]
[SourceDate "2021.10.24"]
[SourceVersion "1"]
[SourceVersionDate "2021.10.24"]
[SourceQuality "1"]

1. e4 e5 2. Nf3 f5 3. Nc3 Nc6 4. exf5 d6 5. Bb5 Bxf5 6. d4 Nge7 7. 0-0 a6 8. Ba4 b5 9. Bb3 Nxd4 10. Nxd4 exd4 11. Nd5 c6 12. Nf4 Qd7 13. Re1 1-0

[Event "FICGS theme 0000 email"]
[Site "FICGS email"]
[Date "2009.04.14"]
[Round "1"]
[White "Inving, Yugi"]
[Black "Roncagliolo, Marco"]
[Result "1-0"]
[WhiteElo "1139"]
[BlackElo "1800"]
[PlyCount "35"]
[EventDate "2009.??.??"]
[EventType "swiss (corr)"]
[EventRounds "1"]
[SourceTitle "Corr 2022"]
[Source "ChessBase"]
[SourceDate "2021.10.24"]
[SourceVersion "1"]
[SourceVersionDate "2021.10.24"]
[SourceQuality "1"]

1. e4 e5 2. Nf3 f5 3. Nc3 d6 4. Bc4 Nf6 5. Ng5 Nxe4 6. Bf7+ Kd7 7. Be6+ Ke7 8. Nf7 Qe8 9. Bb3 Be6 10. Nxh8 Nc6 11. Nxe4 fxe4 12. Bxe6 Kxe6 13. 0-0 g6 14. f3 Bg7 15. fxe4 Bxh8 16. d4 Nxd4 17. Qg4+ Ke7 18. Bg5+ 1-0

[Event "FICGS W-ch st1 g09 email"]
[Site "FICGS email"]
[Date "2009.02.03"]
[Round "1"]
[White "Inving, Yugi"]
[Black "Parmet, Daniel Edward"]
[Result "0-1"]
[WhiteElo "1160"]
[BlackElo "1698"]
[PlyCount "46"]
[EventDate "2009.??.??"]
[EventType "tourn (corr)"]
[EventRounds "8"]
[SourceTitle "Corr 2022"]
[Source "ChessBase"]
[SourceDate "2021.10.24"]
[SourceVersion "1"]
[SourceVersionDate "2021.10.24"]
[SourceQuality "1"]

1. e4 e5 2. f4 Bc5 3. Nf3 d6 4. c3 Nf6 5. d4 exd4 6. cxd4 Bb6 7. e5 dxe5 8. fxe5 Nd5 9. Nc3 Nc6 10. Bc4 Be6 11. Qa4 0-0 12. Bg5 Qd7 13. 0-0-0 Nxc3 14. bxc3 Bxc4 15. Qxc4 h6 16. Bf4 Na5 17. Qe2 Rad8 18. Rhe1 Qe6 19. Be3 Nc4 20. Bf2 Ba5 21. Nd2 Nxd2 22. Qxd2 Rd5 23. Qc2 c5 0-1

[Event "FICGS rapid E 000009 email"]
[Site "FICGS email"]
[Date "2009.01.13"]
[Round "1"]
[White "Barradas, Anderson"]
[Black "Inving, Yugi"]
[Result "0-1"]
[WhiteElo "1240"]
[BlackElo "1160"]
[PlyCount "30"]
[EventDate "2009.??.??"]
[EventType "tourn (rapid)"]
[EventRounds "6"]
[SourceTitle "Corr 2022"]
[Source "ChessBase"]
[SourceDate "2021.10.24"]
[SourceVersion "1"]
[SourceVersionDate "2021.10.24"]
[SourceQuality "1"]

1. e4 c5 2. Nf3 d6 3. d4 cxd4 4. Nxd4 Nf6 5. Nc3 g6 6. Be3 Bg7 7. Bd3 0-0 8. 0-0 Bd7 9. Ncb5 Ng4 10. Qe2 Nxe3 11. Qxe3 Qb6 12. a4 a6 13. Nc3 Bxd4 14. Nd5 Bxe3 15. Nxb6 Bxb6 0-1

[Event "FICGS rapid E 000009 email"]
[Site "FICGS email"]
[Date "2009.01.13"]
[Round "1"]
[White "Inving, Yugi"]
[Black "Leurette, Marc Antoine"]
[Result "1-0"]
[WhiteElo "1160"]
[BlackElo "1299"]
[PlyCount "45"]
[EventDate "2009.??.??"]
[EventType "tourn (rapid)"]
[EventRounds "6"]
[SourceTitle "Corr 2022"]
[Source "ChessBase"]
[SourceDate "2021.10.24"]
[SourceVersion "1"]
[SourceVersionDate "2021.10.24"]
[SourceQuality "1"]

1. e4 e5 2. Nf3 Nc6 3. Bc4 Nf6 4. Ng5 d5 5. exd5 Na5 6. Bb5+ c6 7. dxc6 bxc6 8. Qf3 Bd7 9. Ba4 Be7 10. 0-0 c5 11. Bxd7+ Qxd7 12. Qxa8+ Bd8 13. Ne4 0-0 14. Nxc5 Qc7 15. b4 Be7 16. Qf3 Bxc5 17. bxc5 e4 18. Qg3 Qxg3 19. fxg3 Nd7 20. Nc3 Re8 21. Rb1 Nxc5 22. Rf5 Rc8 23. Rxc5 1-0

[Event "FICGS theme 0000 email"]
[Site "FICGS email"]
[Date "2009.01.08"]
[Round "1"]
[White "Inving, Yugi"]
[Black "Schuett, Wilhelm"]
[Result "1-0"]
[WhiteElo "1160"]
[BlackElo "1800"]
[PlyCount "73"]
[EventDate "2009.??.??"]
[EventType "swiss (corr)"]
[EventRounds "1"]
[SourceTitle "Corr 2022"]
[Source "ChessBase"]
[SourceDate "2021.10.24"]
[SourceVersion "1"]
[SourceVersionDate "2021.10.24"]
[SourceQuality "1"]

1. d4 Nf6 2. c4 e6 3. g3 c5 4. d5 exd5 5. cxd5 b5 6. Bg2 Bb7 7. Nh3 d6 8. 0-0 Nbd7 9. Nc3 a6 10. a4 b4 11. Ne4 Nxe4 12. Bxe4 g6 13. Nf4 Bg7 14. Qc2 Rc8 15. Ne6 fxe6 16. dxe6 Bxe4 17. exd7+ Kxd7 18. Qxe4 Kc7 19. Rd1 Re8 20. Qc4 Kb7 21. Bf4 Rc6 22. Rd2 Qf6 23. Rad1 Rd8 24. Qe4 Kc7 25. Rd5 h6 26. Rc1 Kb6 27. b3 g5 28. a5+ Kb7 29. Be3 Bf8 30. Rf5 Qe7 31. Qf3 Qe8 32. Rf7+ Be7 33. Qd5 Rd7 34. Rh7 Qd8 35. Rxh6 Bf6 36. Rc4 Be7 37. Bxc5 1-0